000 01459cam a2200373 a 4500
001 4420760
003 OSt
005 20250612115447.0
008 930916r19931990enka b 001 0 eng d
010 _a 93133003
015 _aGB90-33904
020 _a0851986439
035 _a(OCoLC)21970234
040 _aUk
_cMUST
_dDNAL
_dPDoN
_dCU-I
_dDLC
042 _alccopycat
050 0 0 _aS494.5.B563
_bA376 1993
070 0 _aS494.5.B563B554
_bno.2
072 0 _aX300
082 0 0 _a630 AGR 1993;
100 _aEdited by Gabrielle J. Persley.
_919366
245 0 0 _aAgricultural Biotechnology :
_bopportunities for international development
260 _aWallingford;
_bCAB International for the World Bank
_c1993.
300 _axv, 495 p. :
_bill. ;
_c26 cm.
490 1 _aBiotechnology in agriculture series,
_x0960-202X ;
_vno. 2
504 _aIncludes bibliographical references (p. 444-476) and index.
650 0 _aBiotechnology.
_94840
650 0 _aAgricultural biotechnology.
_915233
830 0 _aBiotechnology in agriculture series ;
_v2.
_915235
856 4 2 _3Publisher description
_uhttp://www.loc.gov/catdir/enhancements/fy0603/93133003-d.html
856 4 1 _3Table of contents only
_uhttp://www.loc.gov/catdir/enhancements/fy0603/93133003-t.html
906 _a7
_bcbc
_ccopycat
_d3
_encip
_f19
_gy-gencatlg
942 _2ddc
_cO_SHELF
999 _c7434
_d7434